| 000 | 02599nac a2200469 a 4500 | ||
|---|---|---|---|
| 003 | CO-PeBPM | ||
| 005 | 20250714162104.0 | ||
| 007 | ta | ||
| 008 | 250713s2025 ck |||| |||| 00| | spa d | ||
| 020 | _aISBN: 9789587536737 | ||
| 040 |
_aCo-PeBPM _bspa _cCO-PeBPM _erda |
||
| 041 | _aspa | ||
| 082 | 0 | 4 |
_aCo860.09 S161r _222 |
| 100 | 1 |
_aSalavarrieta, Policarpa _d , 1795-1817 _eautora |
|
| 245 | 1 | 0 |
_aRomperlo todo _b : Antología de literatura rebelde _c/ Policarpa Salavarrieta...[y otras diez y seis]; prólogo de Gloria Susana Esquivel; compilación Ana Lucía Barros Lozano, Camila Charry Noriega, Natalia Mejía E. |
| 250 | _aPrimera edición | ||
| 260 |
_aBogotá, Colombia _b : Ministerio de las Culturas, las Artes y los Saberes _c, 2025 |
||
| 300 |
_a296 páginas _c21 centímetros |
||
| 490 |
_aBiblioteca de escritoras colombianas _v10 |
||
| 500 | _aIncluye índice | ||
| 520 | _aEstas son las mujeres que alzaron la voz, las letras o incluso las armas porque soñaron con una sociedad mejor para todas. Las que entregaron sus mentes y pusieron sus cuerpos al servicio de una causa. Las que pelearon las guerras para emanciparnos del yugo de la corona española o las desigualdades enquistadas en la sociedad moderna. Las que lograron que pudiéramos acceder a la educación y nos convirtiéramos en ciudadanas plenas. Las que lucharon por los trabajadores y la autonomía sobre nuestros cuerpos. Ellas son las que pagaron el precio por todas nosotras y aquí están sus palabras rebeldes y sus argumentos luminosos, junto con sus furores, sus alegrías, sus sufrimientos y la incalculable medida de su resistencia...Tomado de la contraportada. | ||
| 600 | 1 | 4 |
_aSáenz, Manuela, 1797-1856 _2LEMB |
| 650 | 1 | 4 |
_aLiteratura colombiana _2LEMB |
| 650 | 1 | 4 |
_aEscritoras colombianas _2LEMB |
| 650 | 1 | 4 |
_aAutoras colombianas - Siglo XIX-XX - Colecciones _2LEMB |
| 700 | 1 | 4 |
_aEsquivel, Gloria Susana _ePrólogo |
| 700 | 1 | 4 |
_aSáenz, Manuela _ecoautora |
| 700 | 1 | 4 |
_aMartínez de Nisser, María _ecoautora |
| 700 | 1 | 4 |
_aEspinal, Betsabé _ecoautora |
| 700 | 1 | 4 |
_aCano, María _ecaoutora |
| 700 | 1 | 4 |
_aMúnera, Claudina _ecoautora |
| 700 | 1 | 4 |
_aIsaza de Jaramillo Meza, Blanca _ecoautora |
| 700 | 1 | 4 |
_aEspinosa, Matilde _ecoautora |
| 700 | 1 | 4 |
_aMartínez de Varela, Teresa _ecoautora |
| 700 | 1 | 4 |
_aUribe de Acosta, Ofelia _ecoautora |
| 700 | 1 | 4 |
_aLucena, Clemencia _ecoautora |
| 700 | 1 | 4 |
_aVásquez, María Eugenia _ecoautora |
| 700 | 1 | 4 |
_aGrabe, Vera _ecoautora |
| 700 | 1 | 4 |
_aCarranza, María Mercedes _ecoautora |
| 700 | 1 | 4 |
_aThomas, Florence _ecoautora |
| 942 |
_2ddc _cBK _n0 |
||
| 999 |
_c61020 _d61020 |
||